00491 2200169 4500001002100000005001500021008004100036035001900077041000700096082000800103090001400111100006900125245003400194260003000228300003300258650003000291INLIS00000000000655820241224113318241224||||||||| | ||| |||| || |  0010-1224006558 aid0 a154 a154 IMA m0 aAl Imam Asy Syaikh Abu Nasr Muhammad Bin Abdurrahman Al Hamdaany00aMengungkap Tujuh Rahasia Gaib aSurabayabCV. Karya Utama a20,5x14,5 cm, xiv, 218 hlm.; 0aIlmu Filsafat & Psikologi